[Event "Olimpiada Dresden 2008 Femenina"]
[Site "Dresden GER"]
[Date "2008.11.17"]
[Round "5.29"]
[White "Sammalvuo, Niina"]
[Black "Topel, Zehra"]
[Result "0-1"]
[WhiteElo "2248"]
[BlackElo "2214"]
[PlyCount "99"]
[EventDate "2008.11.13"]
[EventType "team-tourn"]
[EventRounds "11"]
[EventCountry "GER"]
[Source "lmi"]
[SourceDate "2008.11.13"]
[WhiteTeam "Finlandia"]
[BlackTeam "Turquía"]
[WhiteTeamCountry "FIN"]
[BlackTeamCountry "TUR"]

1. Nf3 Nf6 2. c4 e6 3. g3 d5 4. d4 dxc4 5. Bg2 Nbd7 6. O-O a6 7. a4 Rb8 8. a5
b5 9. axb6 Rxb6 10. Nbd2 Bb7 11. Nxc4 Rb4 12. Na5 Bd5 13. Qc2 Be4 14. Qc3 Nd5
15. Qc6 Rb6 16. Qc4 Qa8 17. Nh4 Bxg2 18. Nxg2 Bb4 19. e4 N5f6 20. f3 Bxa5 21.
Rxa5 Qb7 22. Nf4 O-O 23. Nd3 Rb5 24. Ra3 a5 25. Be3 Ra8 26. Rc1 Ne8 27. b4 Ra6
28. Qa2 Qa7 29. Ra1 Nd6 30. Ne5 Nb8 31. bxa5 Qb7 32. Nd3 Nd7 33. Qc2 f5 34. Nc5
Nxc5 35. dxc5 Qc6 36. Qa2 Nb7 37. Qd2 fxe4 38. fxe4 h6 39. Ra4 Rb3 40. Bf2 Qb5
41. Qd4 Rb1+ 42. Rxb1 Qxb1+ 43. Kg2 Qb5 44. Rb4 Qc6 45. Qe5 Nxa5 46. Rb8+ Kh7
47. Rf8 Qd7 48. Qf4 Nc4 49. Rf7 Qd3 50. Qg4 0-1

[Event "Olimpiada Dresden 2008 Femenina"]
[Site "Dresden GER"]
[Date "2008.11.17"]
[Round "5.29"]
[White "Uusitupa, Erika"]
[Black "Ozturk, Kubra"]
[Result "0-1"]
[WhiteElo "1702"]
[BlackElo "2254"]
[PlyCount "26"]
[EventDate "2008.11.13"]
[EventType "team-tourn"]
[EventRounds "11"]
[EventCountry "GER"]
[Source "lmi"]
[SourceDate "2008.11.13"]
[WhiteTeam "Finlandia"]
[BlackTeam "Turquía"]
[WhiteTeamCountry "FIN"]
[BlackTeamCountry "TUR"]

1. e4 g6 2. d4 Bg7 3. Nc3 d6 4. Be3 a6 5. a4 b6 6. Qd2 Bb7 7. f3 Nd7 8. Bc4 e6
9. h4 Ndf6 10. Bb3 Ne7 11. Bh6 Bxh6 12. Qxh6 d5 13. Qg7 Nc6 0-1

[Event "Olimpiada Dresden 2008 Femenina"]
[Site "Dresden GER"]
[Date "2008.11.17"]
[Round "5.29"]
[White "Yanik, Emine"]
[Black "Walta, Paivi"]
[Result "1/2-1/2"]
[WhiteElo "2049"]
[BlackElo "1824"]
[PlyCount "86"]
[EventDate "2008.11.13"]
[EventType "team-tourn"]
[EventRounds "11"]
[EventCountry "GER"]
[Source "lmi"]
[SourceDate "2008.11.13"]
[WhiteTeam "Turquía"]
[BlackTeam "Finlandia"]
[WhiteTeamCountry "TUR"]
[BlackTeamCountry "FIN"]

1. d4 Nf6 2. Nf3 d5 3. c4 c6 4. Nc3 g6 5. e3 Bg7 6. Be2 O-O 7. O-O Nbd7 8. cxd5
Nxd5 9. Nxd5 cxd5 10. Qb3 Nf6 11. Bd2 Bg4 12. h3 Bxf3 13. Bxf3 Qd7 14. Rfc1
Rfc8 15. Bb4 e6 16. a4 Ne8 17. Be2 a6 18. f4 Rc6 19. Rxc6 Qxc6 20. Bd2 Bf8 21.
Rc1 Qd7 22. Bd3 Rc8 23. Rxc8 Qxc8 24. Qc2 Qxc2 25. Bxc2 Nd6 26. b3 b6 27. Bd3
Ne4 28. Be1 a5 29. Bxe4 dxe4 30. Bh4 Bb4 31. Bd8 Kf8 32. Bxb6 Ke8 33. Kf1 Kd7
34. g4 f5 35. g5 Kc6 36. Bd8 Kd7 37. Bf6 Kc7 38. Ke2 Kd7 39. Kd1 Kc7 40. Kc2
Kd7 41. Be5 Kc8 42. Kd1 Kb7 43. Bf6 Kc7 1/2-1/2

[Event "Olimpiada Dresden 2008 Femenina"]
[Site "Dresden GER"]
[Date "2008.11.17"]
[Round "5.30"]
[White "Perez, Dalila"]
[Black "Essa, Kulood"]
[Result "0-1"]
[WhiteElo "1632"]
[BlackElo "1821"]
[PlyCount "88"]
[EventDate "2008.11.13"]
[EventType "team-tourn"]
[EventRounds "11"]
[EventCountry "GER"]
[Source "lmi"]
[SourceDate "2008.11.13"]
[WhiteTeam "Paraguay"]
[BlackTeam "Emiratos Arabes Unidos"]
[WhiteTeamCountry "PAR"]
[BlackTeamCountry "UAE"]

1. d4 Nf6 2. Bf4 e6 3. e3 c5 4. Nd2 b6 5. Ngf3 Be7 6. h3 cxd4 7. exd4 Bb7 8.
Bd3 O-O 9. O-O d6 10. c4 Nbd7 11. Re1 Re8 12. Rc1 Bf8 13. Bc2 Bc6 14. b4 a6 15.
a4 a5 16. b5 Bb7 17. Ne4 Nxe4 18. Bxe4 Bxe4 19. Rxe4 Rc8 20. Bg5 Qc7 21. Rh4 g6
22. Nh2 f5 23. g4 Bg7 24. d5 Nc5 25. dxe6 Nxe6 26. Qd5 Qc5 27. Be3 Qxd5 28.
cxd5 Rxc1+ 29. Bxc1 Nd4 30. Be3 Re4 31. Kg2 Bf6 32. g5 Rxh4 33. gxf6 Re4 34.
Nf1 f4 35. Bd2 Nb3 36. Bc3 Rc4 37. Bb2 Rxa4 38. Nh2 Ra2 39. Bc3 Rc2 40. Be1 Nd4
41. Nf3 Nxf3 42. Kxf3 Rc4 43. Ke2 Re4+ 44. Kd1 Rxe1+ 0-1

[Event "Olimpiada Dresden 2008 Femenina"]
[Site "Dresden GER"]
[Date "2008.11.17"]
[Round "5.30"]
[White "Alderete, Jazmin"]
[Black "Jamila, Juma"]
[Result "1/2-1/2"]
[WhiteElo "1524"]
[BlackElo "1744"]
[PlyCount "74"]
[EventDate "2008.11.13"]
[EventType "team-tourn"]
[EventRounds "11"]
[EventCountry "GER"]
[Source "lmi"]
[SourceDate "2008.11.13"]
[WhiteTeam "Paraguay"]
[BlackTeam "Emiratos Arabes Unidos"]
[WhiteTeamCountry "PAR"]
[BlackTeamCountry "UAE"]

1. e4 e6 2. d4 d5 3. Nc3 Bb4 4. exd5 exd5 5. Bd3 Nc6 6. a3 Be7 7. Nge2 Bf6 8.
Be3 Nge7 9. O-O Bg4 10. h3 Be6 11. Nf4 g6 12. Nxe6 fxe6 13. Ne2 Qd7 14. Qd2 e5
15. Bg5 Bxg5 16. Qxg5 e4 17. Bb5 O-O 18. c4 Rf5 19. Qg4 Qd6 20. cxd5 Qxd5 21.
Nc3 Qxd4 22. Rad1 Qc5 23. Qxe4 Raf8 24. Bc4+ Kh8 25. b4 Qe5 26. Qd3 Rd8 27. Qe2
Rxd1 28. Nxd1 Qxe2 29. Bxe2 Rd5 30. Ne3 Rd2 31. Re1 a6 32. b5 axb5 33. Bxb5 Kg7
34. Rc1 Kf8 35. a4 Rd6 36. Nc4 Rd4 37. Ne3 Rd6 1/2-1/2

[Event "Olimpiada Dresden 2008 Femenina"]
[Site "Dresden GER"]
[Date "2008.11.17"]
[Round "5.31"]
[White "Baklanova, Tatiana"]
[Black "Boric, Elena"]
[Result "1-0"]
[WhiteElo "2231"]
[BlackElo "2292"]
[PlyCount "55"]
[EventDate "2008.11.13"]
[EventType "team-tourn"]
[EventRounds "11"]
[EventCountry "GER"]
[Source "lmi"]
[SourceDate "2008.11.13"]
[WhiteTeam "Ucrania"]
[BlackTeam "Bosnia Herzegovina"]
[WhiteTeamCountry "UKR"]
[BlackTeamCountry "BIH"]

1. Nf3 c5 2. c4 Nf6 3. g3 Nc6 4. Bg2 g6 5. O-O Bg7 6. d4 cxd4 7. Nxd4 Nxd4 8.
Qxd4 O-O 9. Nc3 d6 10. Bg5 Be6 11. Qd3 Rb8 12. b3 a6 13. Rac1 Qa5 14. Qd2 Rfc8
15. Rc2 Qd8 16. Rfc1 b5 17. Nd5 bxc4 18. Rxc4 Rxc4 19. Rxc4 Nxd5 20. Bxd5 Bxd5
21. Qxd5 Rb5 22. Qd2 h5 23. Qc1 Qa5 24. Ra4 Qd8 25. Rxa6 Rc5 26. Qe3 Re5 27.
Qf3 Qc7 28. Be3 1-0

[Event "Olimpiada Dresden 2008 Femenina"]
[Site "Dresden GER"]
[Date "2008.11.17"]
[Round "5.31"]
[White "Dengler, Dijana"]
[Black "Ryvova, Anna"]
[Result "1/2-1/2"]
[WhiteElo "2099"]
[BlackElo "2009"]
[PlyCount "82"]
[EventDate "2008.11.13"]
[EventType "team-tourn"]
[EventRounds "11"]
[EventCountry "GER"]
[Source "lmi"]
[SourceDate "2008.11.13"]
[WhiteTeam "Bosnia Herzegovina"]
[BlackTeam "Chequia"]
[WhiteTeamCountry "BIH"]
[BlackTeamCountry "CZE"]

1. e4 g6 2. d4 Bg7 3. Nc3 c6 4. Nf3 d5 5. e5 Nh6 6. h3 O-O 7. Be2 f6 8. Bf4 Nf7
9. exf6 Bxf6 10. Qd2 Nd7 11. O-O-O e5 12. Be3 e4 13. Nh2 b5 14. Ng4 Be7 15. g3
Qa5 16. a3 Qd8 17. Nb1 Nb6 18. b3 a5 19. h4 Bd6 20. h5 g5 21. Nh6+ Nxh6 22.
Bxg5 e3 23. Qxe3 Nf5 24. Qd2 Be7 25. Bf4 a4 26. b4 Nd6 27. f3 Nbc4 28. Qe1 Ra7
29. Be5 Bf6 30. f4 Rg7 31. h6 Rg6 32. Bh5 Rxh6 33. g4 Bxe5 34. dxe5 Ne4 35. g5
Re6 36. Bf3 Rxf4 37. Bxe4 Rxe4 38. Qg1 R4xe5 39. Qh2 Qxg5+ 40. Nd2 Qg7 41. Nxc4
Re2 1/2-1/2

[Event "Olimpiada Dresden 2008 Femenina"]
[Site "Dresden GER"]
[Date "2008.11.17"]
[Round "5.31"]
[White "Gerasimova, Olga"]
[Black "Dedijer, Sanja"]
[Result "1/2-1/2"]
[WhiteElo "2316"]
[BlackElo "2049"]
[PlyCount "99"]
[EventDate "2008.11.13"]
[EventType "team-tourn"]
[EventRounds "11"]
[EventCountry "GER"]
[Source "lmi"]
[SourceDate "2008.11.13"]
[WhiteTeam "Rusia"]
[BlackTeam "Bosnia Herzegovina"]
[WhiteTeamCountry "RUS"]
[BlackTeamCountry "BIH"]

1. e4 c5 2. Nf3 d6 3. d4 cxd4 4. Nxd4 Nf6 5. Nc3 g6 6. Be2 Bg7 7. O-O O-O 8.
Bg5 Nc6 9. Nb3 Bd7 10. Kh1 Rc8 11. f4 a6 12. Bf3 Be6 13. Nd5 Bxd5 14. exd5 Na5
15. Nxa5 Qxa5 16. c3 Rc7 17. Re1 Rb8 18. Bh4 b5 19. a3 Rbb7 20. Bf2 Rc4 21. g3
Qd8 22. Qe2 Rcc7 23. Kg1 Qb8 24. Kh1 Qe8 25. Rac1 Qc8 26. g4 Bf8 27. g5 Nd7 28.
Bg4 Qe8 29. Rcd1 Nc5 30. Rf1 Bg7 31. Bg3 Qa8 32. f5 Rb8 33. f6 Bf8 34. Qf3 exf6
35. gxf6 Nb3 36. Rfe1 Re8 37. Rxe8 Qxe8 38. Re1 Qd8 39. Bf2 Rc4 40. Bb6 Qa8 41.
Bd7 Nd2 42. Qg2 Bh6 43. Re8+ Qxe8 44. Bxe8 Re4 45. Qxe4 Nxe4 46. Bxb5 Nxf6 47.
Bxa6 Nxd5 48. Bg1 Bc1 49. Bb7 Nc7 50. Bb6 1/2-1/2

[Event "Olimpiada Dresden 2008 Femenina"]
[Site "Dresden GER"]
[Date "2008.11.17"]
[Round "5.31"]
[White "Malokas, Nermina"]
[Black "Mucha, Annegret"]
[Result "0-1"]
[WhiteElo "1906"]
[BlackElo "1965"]
[PlyCount "52"]
[EventDate "2008.11.13"]
[EventType "team-tourn"]
[EventRounds "11"]
[EventCountry "GER"]
[Source "lmi"]
[SourceDate "2008.11.13"]
[WhiteTeam "Bosnia Herzegovina"]
[BlackTeam "Alemania"]
[WhiteTeamCountry "BIH"]
[BlackTeamCountry "GER"]

1. e4 e6 2. d4 d5 3. Nc3 Be7 4. e5 h5 5. Bd3 c5 6. dxc5 Nd7 7. f4 Nxc5 8. Nf3
Nxd3+ 9. Qxd3 Nh6 10. Nd4 g6 11. Be3 Bd7 12. O-O-O Nf5 13. Bf2 Nxd4 14. Bxd4
Qa5 15. Kb1 b5 16. Nxd5 exd5 17. e6 Bxe6 18. Bxh8 Rc8 19. Rd2 Bf5 20. Qd4 Rc4
21. Qxd5 Be6 22. Qd3 Rd4 23. Qxb5+ Qxb5 24. Bxd4 Qa5 25. c3 Qxa2+ 26. Kc2 Bf5+
0-1

[Event "Olimpiada Dresden 2008 Femenina"]
[Site "Dresden GER"]
[Date "2008.11.17"]
[Round "5.32"]
[White "Ubaldo Suarez, Maria Gisela"]
[Black "Smokina, Karolina"]
[Result "0-1"]
[WhiteElo "2089"]
[BlackElo "2235"]
[PlyCount "107"]
[EventDate "2008.11.13"]
[EventType "team-tourn"]
[EventRounds "11"]
[EventCountry "GER"]
[Source "lmi"]
[SourceDate "2008.11.13"]
[WhiteTeam "Venezuela"]
[BlackTeam "Moldavia"]
[WhiteTeamCountry "VEN"]
[BlackTeamCountry "MDA"]

1. e4 e6 2. d4 d5 3. e5 c5 4. c3 Nc6 5. Be3 Nge7 6. Nf3 Nf5 7. Bd3 cxd4 8. cxd4
Be7 9. O-O O-O 10. Nc3 a6 11. Rc1 Na5 12. Qe2 b5 13. a4 b4 14. Nb1 Bd7 15. Nbd2
Qb6 16. b3 Nc6 17. g4 Nxe3 18. fxe3 f6 19. exf6 Bxf6 20. g5 Be7 21. Qg2 g6 22.
Qg3 Qb8 23. Qh3 Bd6 24. e4 Qe8 25. e5 Bb8 26. Qg4 Ba7 27. Kg2 Ne7 28. h4 Nf5
29. Bxf5 Rxf5 30. Nh2 Rc8 31. Ndf3 Rc3 32. Rxc3 bxc3 33. Rc1 Qc8 34. Qg3 Bb6
35. Ng4 Kg7 36. Nf6 Ba5 37. Ne1 Qb7 38. Nc2 Bc6 39. b4 Bxa4 40. Qxc3 Bd8 41.
Ne3 Rxe5 42. Qc8 Qxc8 43. Rxc8 Rxe3 44. Rxd8 e5 45. Ra8 Kf7 46. Ra7+ Ke6 47.
Rxa6+ Kf5 48. Rxa4 exd4 49. Ra5 d3 50. Nxd5 Re1 51. Nf6+ Kf4 52. Rd5 Re2+ 53.
Kf1 Ke3 54. Ng4+ 0-1

[Event "Olimpiada Dresden 2008 Femenina"]
[Site "Dresden GER"]
[Date "2008.11.17"]
[Round "5.32"]
[White "Partac, Elena"]
[Black "Han Wong, Irene Estefania"]
[Result "1-0"]
[WhiteElo "2168"]
[BlackElo "2098"]
[PlyCount "68"]
[EventDate "2008.11.13"]
[EventType "team-tourn"]
[EventRounds "11"]
[EventCountry "GER"]
[Source "lmi"]
[SourceDate "2008.11.13"]
[WhiteTeam "Moldavia"]
[BlackTeam "Venezuela"]
[WhiteTeamCountry "MDA"]
[BlackTeamCountry "VEN"]

1. e4 e5 2. Nf3 Nf6 3. Nxe5 d6 4. Nf3 Nxe4 5. Nc3 Nf6 6. d4 Bg4 7. h3 Bh5 8.
Be2 Be7 9. O-O O-O 10. Bf4 Re8 11. Re1 Bf8 12. Bg5 h6 13. Bh4 Nbd7 14. Qd2 c6
15. g4 Bg6 16. Bd3 Bxd3 17. Qxd3 Qb6 18. Kg2 d5 19. Bxf6 Nxf6 20. Ne5 Bd6 21.
f4 Re7 22. Nd1 Rae8 23. Ne3 Re6 24. b3 Qd8 25. Rad1 Ne4 26. Nf5 Bc7 27. c4 Ba5
28. Rxe4 dxe4 29. Qxe4 Bc7 30. h4 Bxe5 31. fxe5 Rxe5 32. dxe5 Qxd1 33. c5 Qd2+
34. Kg3 Qc3+ 1-0

[Event "Olimpiada Dresden 2008 Femenina"]
[Site "Dresden GER"]
[Date "2008.11.17"]
[Round "5.32"]
[White "Hernandez, Zaida"]
[Black "Bulmaga, Irina"]
[Result "0-1"]
[WhiteElo "2039"]
[BlackElo "2287"]
[PlyCount "78"]
[EventDate "2008.11.13"]
[EventType "team-tourn"]
[EventRounds "11"]
[EventCountry "GER"]
[Source "lmi"]
[SourceDate "2008.11.13"]
[WhiteTeam "Venezuela"]
[BlackTeam "Moldavia"]
[WhiteTeamCountry "VEN"]
[BlackTeamCountry "MDA"]

1. e4 e6 2. d4 d5 3. Nc3 Bb4 4. e5 c5 5. a3 Bxc3+ 6. bxc3 Qc7 7. Qg4 f5 8. Qg3
cxd4 9. cxd4 Ne7 10. Bd2 Nbc6 11. Nf3 O-O 12. Bd3 Bd7 13. O-O Be8 14. Rfc1 Qd7
15. Qh3 Rc8 16. Rab1 Bg6 17. Rb3 Rc7 18. Rcb1 Nc8 19. Qh4 Nb6 20. Bb5 Qc8 21.
Rc3 Nxe5 22. Nxe5 Rxc3 23. Nxg6 hxg6 24. Bxc3 Qxc3 25. Qe7 Qc8 26. Re1 Rf6 27.
a4 a6 28. Be8 Qc3 29. Rxe6 Nc8 30. Re3 Qa1+ 31. Re1 Nxe7 32. Rxa1 Kf8 33. Rb1
Kxe8 34. Rxb7 Rc6 35. Kf1 Rxc2 36. Rb6 Rc6 37. Rb4 Rc4 38. Rb8+ Kf7 39. a5 Ra4
0-1

[Event "Olimpiada Dresden 2008 Femenina"]
[Site "Dresden GER"]
[Date "2008.11.17"]
[Round "5.32"]
[White "Agababean, Naira"]
[Black "Otazo, Annyd"]
[Result "1-0"]
[WhiteElo "2178"]
[BlackElo "1942"]
[PlyCount "91"]
[EventDate "2008.11.13"]
[EventType "team-tourn"]
[EventRounds "11"]
[EventCountry "GER"]
[Source "lmi"]
[SourceDate "2008.11.13"]
[WhiteTeam "Moldavia"]
[BlackTeam "Venezuela"]
[WhiteTeamCountry "MDA"]
[BlackTeamCountry "VEN"]

1. e4 e6 2. d4 d5 3. Nc3 dxe4 4. Nxe4 Nd7 5. Nf3 Ngf6 6. Nxf6+ Nxf6 7. c3 c5 8.
Ne5 Qa5 9. Qb3 a6 10. Nc4 Qd8 11. Nb6 Ra7 12. Bf4 Bd7 13. O-O-O cxd4 14. Be5
Bc5 15. Bxd4 Qxb6 16. Qxb6 Bxb6 17. Bxb6 Ra8 18. Be2 Bc6 19. f3 O-O 20. c4 Rac8
21. b3 Nd7 22. Be3 b5 23. Kb2 bxc4 24. Bxc4 a5 25. Rd6 a4 26. Rc1 Nb8 27. Ba7
Be8 28. Bb6 axb3 29. axb3 Rc6 30. Rxc6 Bxc6 31. Bc7 Bb7 32. Bb5 g5 33. Rc5 h6
34. Be5 f6 35. Bc3 Na6 36. Rc4 Kf7 37. Rd4 Bc8 38. Ra4 Nb8 39. Ra7+ Kg8 40. Rc7
Na6 41. Rxc8 Rxc8 42. Bxa6 Rc6 43. Bb5 Rb6 44. Bc4 Kg7 45. b4 e5 46. b5 1-0

[Event "Olimpiada Dresden 2008 Femenina"]
[Site "Dresden GER"]
[Date "2008.11.17"]
[Round "5.33"]
[White "Berend, Elvira"]
[Black "Cramling, Pia"]
[Result "0-1"]
[WhiteElo "2328"]
[BlackElo "2550"]
[PlyCount "123"]
[EventDate "2008.11.13"]
[EventType "team-tourn"]
[EventRounds "11"]
[EventCountry "GER"]
[Source "lmi"]
[SourceDate "2008.11.13"]
[WhiteTeam "Luxemburgo"]
[BlackTeam "Suecia"]
[WhiteTeamCountry "LUX"]
[BlackTeamCountry "SWE"]

1. e4 c5 2. Nf3 Nc6 3. d4 cxd4 4. Nxd4 Nf6 5. Nc3 e5 6. Ndb5 d6 7. Bg5 a6 8.
Na3 b5 9. Bxf6 gxf6 10. Nd5 Bg7 11. Bd3 Ne7 12. Nxe7 Qxe7 13. O-O O-O 14. c4 f5
15. Qf3 bxc4 16. Nxc4 d5 17. exd5 e4 18. Qe3 Bb7 19. d6 Qf6 20. Bc2 Rac8 21. b3
f4 22. Qh3 Qg5 23. d7 Rc6 24. Bxe4 Rh6 25. Qf5 Qh4 26. h3 Rh5 27. Qg4 Bxe4 28.
Qxh4 Rxh4 29. Rad1 Bf6 30. Rfe1 Bf5 31. Re8 Bd8 32. Rd6 f6 33. Rd5 Bg6 34. Nd6
Rh5 35. Rd1 Re5 36. Rxd8 Rxd8 37. Nb7 Rxd7 38. Rxd7 Re1+ 39. Kh2 Re2 40. f3
Rxa2 41. Nc5 a5 42. Ra7 Bh5 43. Kg1 Bf7 44. Rb7 Ra1+ 45. Kh2 Bd5 46. Rd7 Bf7
47. Rd4 Rc1 48. Nb7 Ra1 49. Nc5 Rc1 50. Nb7 Ra1 51. Rd3 Kg7 52. Rc3 Ra3 53. Rc5
Rxb3 54. Nxa5 Rb4 55. Nc6 Rc4 56. Rxc4 Bxc4 57. Nd4 Kg6 58. h4 Kh5 59. Kh3 Ba6
60. g4+ fxg3 61. Kxg3 Kg6 62. Nc2 0-1

[Event "Olimpiada Dresden 2008 Femenina"]
[Site "Dresden GER"]
[Date "2008.11.17"]
[Round "5.33"]
[White "Tetenkina, Irina"]
[Black "Wagener, Anna"]
[Result "1/2-1/2"]
[WhiteElo "2243"]
[BlackElo "2246"]
[PlyCount "63"]
[EventDate "2008.11.13"]
[EventType "team-tourn"]
[EventRounds "11"]
[EventCountry "GER"]
[Source "lmi"]
[SourceDate "2008.11.13"]
[WhiteTeam "Suecia"]
[BlackTeam "Luxemburgo"]
[WhiteTeamCountry "SWE"]
[BlackTeamCountry "LUX"]

1. e4 e5 2. Nf3 Nc6 3. Bb5 a6 4. Ba4 Nf6 5. O-O Be7 6. Re1 b5 7. Bb3 d6 8. c3
O-O 9. h3 Nd7 10. d3 Na5 11. Bc2 c5 12. Nbd2 Re8 13. Nf1 Nb6 14. Ng3 Nc6 15.
Qe2 h6 16. Nh2 d5 17. Ng4 Bg5 18. Ne3 d4 19. Nd5 Bxc1 20. Raxc1 Nxd5 21. exd5
Qxd5 22. Bb3 Qd7 23. Qf3 Bb7 24. Nf5 c4 25. Qg4 Qxf5 26. Qxf5 cxb3 27. axb3
Rad8 28. c4 b4 29. f4 g6 30. Qg4 Kh7 31. fxe5 Nxe5 32. Qf4 1/2-1/2

[Event "Olimpiada Dresden 2008 Femenina"]
[Site "Dresden GER"]
[Date "2008.11.17"]
[Round "5.33"]
[White "Steil-Antoni, Fiona"]
[Black "Agrest, Inna"]
[Result "1/2-1/2"]
[WhiteElo "2166"]
[BlackElo "2215"]
[PlyCount "90"]
[EventDate "2008.11.13"]
[EventType "team-tourn"]
[EventRounds "11"]
[EventCountry "GER"]
[Source "lmi"]
[SourceDate "2008.11.13"]
[WhiteTeam "Luxemburgo"]
[BlackTeam "Suecia"]
[WhiteTeamCountry "LUX"]
[BlackTeamCountry "SWE"]

1. d4 Nf6 2. c4 g6 3. Nc3 Bg7 4. e4 d6 5. f3 O-O 6. Be3 e5 7. d5 c6 8. Bd3 Nh5
9. Qd2 f5 10. Nge2 f4 11. Bf2 c5 12. b4 cxb4 13. Nb5 a6 14. Na7 a5 15. a3 Na6
16. axb4 axb4 17. Nc1 g5 18. Bc2 g4 19. Nd3 Qc7 20. Nb5 Qxc4 21. Nxd6 Qc3 22.
Qxc3 bxc3 23. Ke2 g3 24. hxg3 Nxg3+ 25. Bxg3 fxg3 26. Ra3 Rd8 27. Nc4 b5 28.
Nb6 b4 29. Nxb4 Nxb4 30. Rxa8 Ba6+ 31. Kd1 Rxa8 32. Nxa8 Nd3 33. Bxd3 Bxd3 34.
d6 Bf6 35. f4 exf4 36. e5 Bxe5 37. d7 Bf6 38. Rh6 Bg6 39. Nc7 f3 40. Rh1 Bf5
41. Nd5 c2+ 42. Kc1 Bg5+ 43. Kb2 fxg2 44. Rg1 c1=Q+ 45. Rxc1 Bxc1+ 1/2-1/2

[Event "Olimpiada Dresden 2008 Femenina"]
[Site "Dresden GER"]
[Date "2008.11.17"]
[Round "5.33"]
[White "Pavlovskaia, Evgenia"]
[Black "Bakalarz, Grazyna"]
[Result "0-1"]
[WhiteElo "2197"]
[BlackElo "2001"]
[PlyCount "73"]
[EventDate "2008.11.13"]
[EventType "team-tourn"]
[EventRounds "11"]
[EventCountry "GER"]
[Source "lmi"]
[SourceDate "2008.11.13"]
[WhiteTeam "Suecia"]
[BlackTeam "Luxemburgo"]
[WhiteTeamCountry "SWE"]
[BlackTeamCountry "LUX"]

1. d4 e6 2. c4 f5 3. Nf3 Nf6 4. g3 Be7 5. Bg2 O-O 6. O-O d6 7. Nc3 Qe8 8. Qc2
Qh5 9. e4 fxe4 10. Nxe4 e5 11. dxe5 dxe5 12. Bg5 Nc6 13. Bxf6 gxf6 14. Rfe1 Bg4
15. Qb3 Rab8 16. h4 Kh8 17. a3 Rfd8 18. Qc3 Rd7 19. Nh2 Be6 20. f4 Rbd8 21. Bf1
Nd4 22. fxe5 fxe5 23. Ng5 Bf5 24. Rxe5 Kg8 25. c5 Bxg5 26. hxg5 Qxg5 27. Bc4+
Kh8 28. Rf1 Rg7 29. g4 Qg6 30. Rf4 Qf6 31. Rexf5 Qxf5 32. Rxf5 Nxf5 33. Qf6
Rd1+ 34. Kf2 Ne7 35. Nf3 Ng6 36. Ne5 Nxe5 37. Qf8+ 0-1

[Event "Olimpiada Dresden 2008 Femenina"]
[Site "Dresden GER"]
[Date "2008.11.17"]
[Round "5.34"]
[White "Mencos, Claudia"]
[Black "Algildah, Nibal"]
[Result "1/2-1/2"]
[WhiteElo "1914"]
[BlackElo "1951"]
[PlyCount "63"]
[EventDate "2008.11.13"]
[EventType "team-tourn"]
[EventRounds "11"]
[EventCountry "GER"]
[Source "lmi"]
[SourceDate "2008.11.13"]
[WhiteTeam "Guatemala"]
[BlackTeam "Siria"]
[WhiteTeamCountry "GUA"]
[BlackTeamCountry "SYR"]

1. d4 d5 2. c4 c6 3. Nf3 Nf6 4. e3 e6 5. Bd3 dxc4 6. Bxc4 b5 7. Bd3 a6 8. a4
Bb7 9. O-O Nbd7 10. e4 Be7 11. Nbd2 e5 12. dxe5 Ng4 13. e6 fxe6 14. Be2 e5 15.
h3 Nh6 16. Qc2 Nf7 17. Rd1 Rc8 18. Nf1 Qc7 19. Ne3 g6 20. b3 O-O 21. Bb2 Bf6
22. Rac1 bxa4 23. bxa4 Bg7 24. Bc4 Kh8 25. Be6 Rcd8 26. Bxf7 Rxf7 27. Ng5 Rdf8
28. Nxf7+ Rxf7 29. Qc4 Nf8 30. Ba3 h6 31. Rc3 Nh7 32. Rd8+ 1/2-1/2

[Event "Olimpiada Dresden 2008 Femenina"]
[Site "Dresden GER"]
[Date "2008.11.17"]
[Round "5.34"]
[White "Mazariegos, Silvia Carolina"]
[Black "Al-Jelda, Fatma"]
[Result "1-0"]
[WhiteElo "1962"]
[BlackElo "1857"]
[PlyCount "46"]
[EventDate "2008.11.13"]
[EventType "team-tourn"]
[EventRounds "11"]
[EventCountry "GER"]
[Source "lmi"]
[SourceDate "2008.11.13"]
[WhiteTeam "Guatemala"]
[BlackTeam "Siria"]
[WhiteTeamCountry "GUA"]
[BlackTeamCountry "SYR"]

1. d4 d5 2. c4 e6 3. Nc3 c6 4. e3 f5 5. Nf3 Nf6 6. Qc2 Bd6 7. Bd3 O-O 8. cxd5
Nxd5 9. a3 Nd7 10. O-O Qe8 11. b4 Qh5 12. Bb2 Rf6 13. Be2 Rh6 14. g3 Qh3 15.
Nxd5 exd5 16. Rfc1 Nf6 17. Bf1 Qh5 18. Bg2 g5 19. b5 cxb5 20. Qb3 a6 21. Rc5 f4
22. Rxd5 Be6 23. Rxg5+ Qxg5 1-0

[Event "Olimpiada Dresden 2008 Femenina"]
[Site "Dresden GER"]
[Date "2008.11.17"]
[Round "5.34"]
[White "Mir Mahmoud, Afamia"]
[Black "Figueroa, Julissa"]
[Result "1-0"]
[WhiteElo "2024"]
[BlackElo "1761"]
[PlyCount "56"]
[EventDate "2008.11.13"]
[EventType "team-tourn"]
[EventRounds "11"]
[EventCountry "GER"]
[Source "lmi"]
[SourceDate "2008.11.13"]
[WhiteTeam "Siria"]
[BlackTeam "Guatemala"]
[WhiteTeamCountry "SYR"]
[BlackTeamCountry "GUA"]

1. e4 c5 2. Nf3 d6 3. d4 cxd4 4. Qxd4 Nc6 5. Bb5 Bd7 6. Bxc6 Bxc6 7. Nc3 Nf6 8.
Bg5 e6 9. O-O-O Be7 10. Rhe1 O-O 11. Kb1 Qa5 12. Qd2 Kh8 13. Nd4 Rac8 14. g4 a6
15. f4 Qc7 16. Qe2 Rfe8 17. Rf1 b5 18. e5 Nd5 19. Ne4 Bf8 20. Nf3 Ba8 21. exd6
Bxd6 22. Nxd6 Qxd6 23. Qd2 f6 24. Bh4 Qxf4 25. Qxf4 Nxf4 26. g5 Ng2 27. gxf6
Bxf3 28. fxg7+ Kg8 1-0

[Event "Olimpiada Dresden 2008 Femenina"]
[Site "Dresden GER"]
[Date "2008.11.17"]
[Round "5.35"]
[White "Al-Omari, Dalya"]
[Black "Tsiganova, Monika"]
[Result "0-1"]
[WhiteElo "2109"]
[BlackElo "2208"]
[PlyCount "91"]
[EventDate "2008.11.13"]
[EventType "team-tourn"]
[EventRounds "11"]
[EventCountry "GER"]
[Source "lmi"]
[SourceDate "2008.11.13"]
[WhiteTeam "Irak"]
[BlackTeam "Estonia"]
[WhiteTeamCountry "IRQ"]
[BlackTeamCountry "EST"]

1. e4 c6 2. d4 d5 3. exd5 cxd5 4. c4 Nf6 5. Nc3 Nc6 6. Bg5 Be6 7. Bxf6 gxf6 8.
c5 Qd7 9. Bb5 Rg8 10. g3 Bg4 11. f3 Bh5 12. Qd2 O-O-O 13. O-O-O e5 14. Kb1 exd4
15. Nce2 Bg6+ 16. Ka1 d3 17. Nf4 Bxc5 18. Nxd3 Bb6 19. Ne2 Kb8 20. Nef4 Qd6 21.
Bxc6 bxc6 22. Rhe1 Rge8 23. a3 Kb7 24. Rc1 Rxe1 25. Rxe1 c5 26. Qe2 Rd7 27. Nc1
c4 28. Na2 a5 29. Rd1 Qc6 30. Nc3 d4 31. Ne4 d3 32. Qe1 Bxe4 33. fxe4 Re7 34.
Nd5 Re6 35. Rc1 f5 36. Nxb6 Kxb6 37. Qf2+ Qc5 38. Qf4 fxe4 39. Qb8+ Kc6 40.
Qc8+ Kd5 41. Qd7+ Ke5 42. Qxf7 Rf6 43. Qe8+ Re6 44. Qf7 Rf6 45. Qe8+ Re6 46.
Qf7 0-1